Role and functions of block development officers : A perspective study (Record no. 19353)

MARC details
000 -LEADER
fixed length control field 00493nam a2200157Ia 4500
082 ## - DEWEY DECIMAL CLASSIFICATION NUMBER
Classification number TD.0193
100 ## - MAIN ENTRY--AUTHOR NAME
Personal name Dalal, Randhir Singh
245 #0 - TITLE STATEMENT
Title Role and functions of block development officers : A perspective study
260 ## - PUBLICATION, DISTRIBUTION, ETC. (IMPRINT)
Year of publication 1990
Name of publisher Haryana Agricultural University
300 ## - PHYSICAL DESCRIPTION
Number of Pages v.p.
650 ## - SUBJECT ADDED ENTRY--TOPICAL TERM
Topical Term Haryana Agricultural University
650 ## - SUBJECT ADDED ENTRY--TOPICAL TERM
Topical Term DISTRICT ADMINISTRATION///BLOCK DEVELOPMENT OFFICERS
650 ## - SUBJECT ADDED ENTRY--TOPICAL TERM
Topical Term BLOCK DEVELOPMENT OFFICERS
710 ## - ADDED ENTRY--CORPORATE NAME
Corporate name or jurisdiction name as entry element Kamlesh Kumar
942 ## - ADDED ENTRY ELEMENTS (KOHA)
Koha item type Thesis
Source of classification or shelving scheme Dewey Decimal Classification
Holdings
Withdrawn status Lost status Damaged status Not for loan Home library Current library Date acquired Bill Date Full call number Accession Number Price effective from Koha item type
        NASSDOC Library NASSDOC Library 08/10/2004 2008-12-30 TD.0193 32656 18/04/2019 Thesis